Maya textiles of Guatemala (Record no. 10158)

MARC details
000 -CABECERA
campo de control de longitud fija 01143nam a2200301 a 4500
001 - NÚMERO DE CONTROL
campo de control BRL_1346
005 - FECHA Y HORA DE LA ÚLTIMA TRANSACCIÓN
campo de control 20190320211147.0
008 - DATOS DE LONGITUD FIJA--INFORMACIÓN GENERAL
campo de control de longitud fija 080114s1993----u--ao#####---#000-0#eng-#
020 ## - NÚMERO INTERNACIONAL ESTÁNDAR DEL LIBRO
Número Internacional Estándar del Libro 0292776659
041 ## - CÓDIGO DE LENGUA
Código de lengua del texto/banda sonora o título independiente eng
044 ## - CÓDIGO DEL PAÍS DE LA ENTIDAD EDITORA/PRODUCTORA
Código MARC del país u
050 #4 - SIGNATURA TOPOGRÁFICA DE LA BIBLIOTECA DEL CONGRESO
Número de clasificación F1435.3.T48
Número de documento/Ítem .B58 1993
100 1# - ENTRADA PRINCIPAL--NOMBRE DE PERSONA
Nombre de persona Blum Schevill, Margot
9 (RLIN) 26598
245 10 - MENCIÓN DE TÍTULO
Título Maya textiles of Guatemala
Resto del título the Gustavus A. Eisen collection, 1902, the Hearst Museum of Anthropology, the University of California at Berkeley
Mención de responsabilidad, etc. by Margot blum Schevill ; with a historical essay by Christopher H. Lutz.
260 ## - PUBLICACIÓN, DISTRIBUCIÓN, ETC.
Lugar de publicación, distribución, etc. Austin, Texas
Nombre del editor, distribuidor, etc. University of Texas
Fecha de publicación, distribución, etc. 1993
300 ## - DESCRIPCIÓN FÍSICA
Extensión xiii, 295 p.
Otras características físicas il.
Dimensiones 32 cm.
500 ## - NOTA GENERAL
Nota general Au1582
500 ## - NOTA GENERAL
Nota general Incluye índice de figuras y de materias
504 ## - NOTA DE BIBLIOGRAFÍA, ETC.
Nota de bibliografía, etc. Bibliografía: p. 273-285
600 14 - PUNTO DE ACCESO ADICIONAL DE MATERIA--NOMBRE DE PERSONA
Nombre de persona Eisen, Gustavus A.
Fechas asociadas al nombre 1847-1940
Subdivisión general Colección etnologica
9 (RLIN) 26599
650 14 - PUNTO DE ACCESO ADICIONAL DE MATERIA--TÉRMINO DE MATERIA
Término de materia o nombre geográfico como elemento de entrada Mayas
Subdivisión general Industria textil
9 (RLIN) 26600
650 14 - PUNTO DE ACCESO ADICIONAL DE MATERIA--TÉRMINO DE MATERIA
Término de materia o nombre geográfico como elemento de entrada Industria textil indígena
Subdivisión geográfica Guatemala
9 (RLIN) 26496
650 14 - PUNTO DE ACCESO ADICIONAL DE MATERIA--TÉRMINO DE MATERIA
Término de materia o nombre geográfico como elemento de entrada Telas
Subdivisión geográfica Guatemala
9 (RLIN) 26499
700 1# - PUNTO DE ACCESO ADICIONAL--NOMBRE DE PERSONA
Nombre de persona Lutz, Christopher H.
9 (RLIN) 26601
710 2# - PUNTO DE ACCESO ADICIONAL--NOMBRE DE ENTIDAD CORPORATIVA
Nombre de entidad corporativa o nombre de jurisdicción como elemento de entrada Phoebe Apperson Hearst Museum of Anthropology
9 (RLIN) 26602
902 ## - CATALOGADOR
Iniciales GRL
942 ## - ELEMENTOS DE PUNTO DE ACCESO ADICIONAL (KOHA)
Fuente del sistema de clasificación o colocación Library of Congress Classification
Tipo de ítem Koha Libros
Holdings
Estado de retiro Estado de pérdida Estado dañado No para préstamo Localización permanente Ubicación/localización actual Fecha de adquisición Número de inventario Total de préstamos Signatura topográfica completa Código de barras Fecha visto por última vez Precio válido a partir de Tipo de ítem Koha
El ejemplar forma parte de la colección y puede ser consultado según las políticas vigentes.       Biblioteca Centro de Estudios Ruth D. Lechuga Biblioteca Centro de Estudios Ruth D. Lechuga 08/01/2014 Au1582   F1435.3.T48 .B58 1993 (Au1582) GRL01504 22/03/2019 22/03/2019 Libros